|
|
|
|
| LEADER |
03357nam a22004814a 4500 |
| 001 |
45738 |
| 003 |
BD-DhAAL |
| 005 |
20260510182537.0 |
| 008 |
260506t2005 enka b 001 0 eng |
| 010 |
|
|
|a 2005042931
|
| 015 |
|
|
|a GBA542278
|2 bnb
|
| 016 |
7 |
|
|a 013200423
|2 Uk
|
| 020 |
|
|
|a 1403949441
|
| 020 |
|
|
|a 9781403949448
|
| 035 |
|
|
|a 13891262
|
| 035 |
|
|
|a (OCoLC)58451964
|
| 040 |
|
|
|a DLC
|c DLC
|d UKM
|d BWKUK
|d YUS
|d PUL
|d PMC
|d BAKER
|d COO
|d DLC
|d BD-DhAAL
|
| 042 |
|
|
|a pcc
|
| 043 |
|
|
|a a-ja---
|a d------
|
| 050 |
0 |
0 |
|a HQ1240.5.J3
|b G46 2005
|
| 082 |
0 |
0 |
|a 305.4889569045
|2 22
|
| 245 |
0 |
0 |
|a Gender and development :
|b the Japanese experience in comparative perspective /
|c edited by Mayumi Murayama.
|
| 246 |
|
3 |
|a Gender and development
|
| 260 |
|
|
|a Basingstoke [England] ;
|a New York :
|b Palgrave Macmillan/IDE-JETRO,
|c 2005.
|g (2006)
|
| 300 |
|
|
|a xx, 266 pages :
|b illustrations ;
|c 23 cm
|
| 500 |
|
|
|a "Outcome of a research project conducted at the Institute of Developing Economies (IDE-JETRO) from 2002 to 2004"--Introd.
|
| 504 |
|
|
|a Includes bibliographical references and index.
|
| 505 |
0 |
|
|a Introduction : An attempt to integrate gender and development issues of Japan and developing countries / Mayumi Murayama -- Economic development and gender disparities : the Japanese experience / Hiroki Nogami -- Gender perspectives in family planning : the development of family planning in postwar Japan and policy implications from the Japanese experience / Yasuko Hayase -- 'Livelihood improvement' in postwar Japan : its relevance for rural development today / Hiroshi Kan Sato -- Entrepreneurship and rural women's empowerment : some Japanese and Thai cases / Kazuko Kano -- Women's participation in politics and the women's movement : the history and background of recent successes of women candidates in local elections / Kuniko Funabashi -- Has socialism contributed to gender role changes? A comparison of gender roles in Cuba and Japan / Kanako Yamaoka -- Nation-state, family and gender : recent studies in Japan and Turkey / Kaoru Murakami -- Factory women under globalization : incorporating Japanese women into the global factory debate / Mayumi Murayama.
|
| 526 |
8 |
|
|a AAL
|
| 541 |
1 |
|
|a Donated by Embassy of Japan in Bangladesh, Read Japan Project 2025, The Tokyo Foundation, supported by The Nippon Foundation.
|e 45738
|
| 650 |
|
0 |
|a Women in development
|z Japan.
|9 60541
|
| 650 |
|
0 |
|a Women
|z Japan
|x Social conditions
|y 20th century.
|9 60542
|
| 650 |
|
0 |
|a Women
|z Japan
|x Economic conditions
|y 20th century.
|9 60543
|
| 650 |
|
0 |
|a Social change
|z Japan.
|9 60544
|
| 650 |
|
0 |
|a Social science.
|
| 650 |
|
0 |
|a Women in development
|z Developing countries.
|
| 650 |
|
0 |
|a Social science.
|
| 700 |
1 |
|
|a Murayama, Mayumi,
|d 1961-
|9 60545
|
| 710 |
2 |
|
|a Ajia Keizai Kenkyūjo (Japan)
|9 60546
|
| 852 |
1 |
|
|a Ayesha Abed Library
|c General Stacks
|
| 942 |
|
|
|2 ddc
|c BK
|
| 999 |
|
|
|c 47900
|d 47900
|
| 952 |
|
|
|0 0
|1 0
|2 ddc
|4 0
|6 305_488956904500000_GEN
|7 0
|9 79158
|a BRACUL
|b BRACUL
|c NEW
|d 2026-05-06
|e Donated by Embassy of Japan in Bangladesh, Read Japan Project 2025, The Tokyo Foundation, supported by The Nippon Foundation.
|l 0
|o 305.4889569045 GEN
|p 3010045738
|r 2026-05-06
|t 1
|w 2026-05-06
|y BK
|x Donated copy received from Embassy of Japan in Bangladesh, Read Japan Project 2025, The Tokyo Foundation, supported by The Nippon Foundation on 08 April 2026; $169.99
|